Proceedings. (Record no. 69892)
[ view plain ]
| 000 -LEADER | |
|---|---|
| fixed length control field | 01130cam a22002651 4500 |
| 001 - CONTROL NUMBER | |
| control field | sa 66005321 |
| 003 - CONTROL NUMBER IDENTIFIER | |
| control field | DLC |
| 005 - DATE AND TIME OF LATEST TRANSACTION | |
| control field | 20260227112248.0 |
| 008 - FIXED-LENGTH DATA ELEMENTS--GENERAL INFORMATION | |
| fixed length control field | 870917s1965 ii b 100 0 eng |
| 010 ## - LIBRARY OF CONGRESS CONTROL NUMBER | |
| LC control number | sa 66005321 |
| 025 ## - OVERSEAS ACQUISITION NUMBER | |
| Overseas acquisition number | PL480:I-E-5589 |
| 035 ## - SYSTEM CONTROL NUMBER | |
| System control number | (OCoLC)16702622 |
| 040 ## - CATALOGING SOURCE | |
| Original cataloging agency | DLC |
| Transcribing agency | WaU |
| Modifying agency | WaU |
| -- | DLC |
| 042 ## - AUTHENTICATION CODE | |
| Authentication code | premarc |
| 050 00 - LIBRARY OF CONGRESS CALL NUMBER | |
| Classification number | LB3058.I4 |
| Item number | A72 1962 |
| 111 2# - MAIN ENTRY--MEETING NAME | |
| Meeting name or jurisdiction name as entry element | All India Workshop on Long Range Planning in the Testing Field |
| Date of meeting or treaty signing | (1962 : |
| Location of meeting | Bhopal) |
| 245 00 - TITLE STATEMENT | |
| Title | Proceedings. |
| 260 ## - PUBLICATION, DISTRIBUTION, ETC. | |
| Place of publication, distribution, etc. | [New Delhi] |
| Name of publisher, distributor, etc. | National Council of Educational Research and Training, |
| Date of publication, distribution, etc. | 1965. |
| 300 ## - PHYSICAL DESCRIPTION | |
| Extent | vii, 123 p. |
| Dimensions | 24 cm. |
| 504 ## - BIBLIOGRAPHY, ETC. NOTE | |
| Bibliography, etc. note | Bibliographical footnotes. |
| 500 ## - GENERAL NOTE | |
| General note | Sponsored by the Central Bureau of Educational and Vocational Guidance and the Dept. of Psychological Foundations of the National Institute of Education. |
| 650 #0 - SUBJECT ADDED ENTRY--TOPICAL TERM | |
| Topical term or geographic name entry element | Educational tests and measurements |
| Geographic subdivision | India |
| Form subdivision | Congresses. |
| 710 1# - ADDED ENTRY--CORPORATE NAME | |
| Corporate name or jurisdiction name as entry element | Delhi (India). |
| Subordinate unit | National Institute of Education. |
| -- | Central Bureau of Educational and Vocational Guidance. |
| 710 1# - ADDED ENTRY--CORPORATE NAME | |
| Corporate name or jurisdiction name as entry element | Delhi (India). |
| Subordinate unit | National Institute of Education. |
| -- | Department of Psychological Foundations. |
No items available.